000 01605nam0a2200325 4500
001 RU\NLR\bibl\939843
005 20250614194547.0
010 _a5-88448-142-X
_9100
021 _aRU
_b2006-17711
_9883
035 _a(NLR Aleph) 000928028
090 _a141975
_c141975
100 _a20060427d2005 |||y0rusy50 ca
101 0 _arus
_aeng
102 _aRU
105 _ay |||||||||
200 1 _aEducation
_eучебно-методическое пособие
_eдля студентов, обучающихся по специальности 050303 "Иностранный язык"
_fК.В. Лаврентьева, О.В. Иванова
_gФедер. агентство по образованию Рос. Федерации, Марийск. гос. пед. ин-т им. Н.К. Крупской, Фак. иностр. яз.
210 _aЙошкар-Ола
_cМарийский государственный педагогический институт
_d2005
215 _a33, [1] c.
_d20
225 1 _aEnglish
320 _aБиблиогр.: с. 33 (5 назв.)
606 1 _aАнглийский язык
_jУчебно-методические пособия для высших учебных заведений
_9972309
_3RU\NLR\auth\6646032
686 _aШ143.21-93рус31
700 1 _aЛаврентьева
_bК. В.
_gКристина Владимировна
_4070
701 1 _aИванова
_bО. В.
_gОльга Васильевна
_4070
801 0 _aRU
_bNLR
_c20060427
_grcr
801 1 _aRU
_bNLR
_c20060427
942 _cBOOK
980 _aNB
980 _aNBR